لمعا ت ا نو ر (Record no. 171029)
[ view plain ]
| 000 -LEADER | |
|---|---|
| fixed length control field | 00702nam a22001937a 4500 |
| 005 - DATE AND TIME OF LATEST TRANSACTION | |
| control field | 20200103105648.0 |
| 010 ## - LCCN (DPL NO) | |
| LC control number | 319306 |
| 020 ## - INTERNATIONAL STANDARD BOOK NUMBER | |
| Terms of availability | 9.00 |
| International Standard Book Number | - |
| 035 ## - SYSTEM CONTROL NUMBER | |
| System control number | A319306 |
| 037 ## - SOURCE OF ACQUISITION | |
| Source of stock number/acquisition | BPPD |
| 082 ## - DEWEY DECIMAL CLASSIFICATION NUMBER | |
| Classification number | 841 |
| 100 ## - MAIN ENTRY--PERSONAL NAME | |
| Personal name | سر د ا ر ا نو ر خا ن ا نو ر |
| 245 ## - TITLE STATEMENT | |
| Title | لمعا ت ا نو ر |
| Statement of responsibility, etc | سر د ا ر ا نو ر خا ن ا نو ر |
| 246 ## - VARYING FORM OF TITLE | |
| Title proper/short title | Lumhat-e-Anwer (Urdu) |
| Remainder of title | by Sardar Anwer Khan Anwer |
| 260 ## - PUBLICATION, DISTRIBUTION, ETC. (IMPRINT) | |
| Place of publication, distribution, etc | Mumbai |
| Date of publication, distribution, etc | 1962 ء |
| Name of publisher, distributor, etc | Darul Ashaat,Adabiat-e-Anwer |
| 270 ## - ADDRESS | |
| City | Mumbai |
| Telephone number | - |
| Postal code | 3 |
| Address | 14/6B.I.T. Block,Abrahim Rehmatullah Road, |
| 300 ## - PHYSICAL DESCRIPTION | |
| Extent | 584 ص |
| Dimensions | 22 cm(hb) |
| 942 ## - ADDED ENTRY ELEMENTS (KOHA) | |
| Source of classification or shelving scheme | Dewey Decimal Classification |
| Item type | Urdu Bks |
| Classification part | 841 |
| Call number suffix | ا ن و |
| Withdrawn status | Lost status | Not for loan | Collection code | Home library | Current library | Date acquired | Source of acquisition | Cost, normal purchase price | Full call number | Barcode | Copy number | Cost, replacement price | Koha item type |
|---|---|---|---|---|---|---|---|---|---|---|---|---|---|
| Non-fiction | Central Library | Central Library | 03/01/2020 | BPPD/Ven. | 9.00 | 841 ا ن و | 319306 | 1 | 9.00 | Urdu Bks |
